000 01568cam a2200457 a 4500
001 21170
003 VRT
005 20260223145808.0
008 230403s1949 xo g 000 f slo
015 _aSNBA19451955-012595
035 _aSK01SNKBKSFS20020094635
035 _aurn:nbn:sk:snk-am3hqxn
035 _a287F3DBC-6906-4343-BAB1-DDB92EF55561
035 _aurn:nbn:sk:snk-am00d63a
035 _aSKM000097098
039 9 _a202304032103
_bVLOAD
_c202212050958
_dVLOAD
_c202205110915
_dVLOAD
_c202007141403
_dcsnk20
040 _aSNK
_bslo
_cSNK
_eAACR2
041 0 _aslo
044 _axo
_cSK
080 _a885.4-3
_21981
100 0 _aTimrava,
_d1867-1951
_4aut
245 1 0 _aMojžík ; Ťapákovci ; Mylná cesta ; U Kanátov ; Pódi
_cTimrava
250 _a2. vyd.
260 _a[Turčiansky Sv. Martin]
_bMatica slovenská
_c1949
_e[Turčiansky Sv. Martin]
_fNeografia
300 _a188, [4] s.
_c
490 1 _aSobrané spisy Timravy
_vsv. 8
655 7 _aslovenské novely
_2SNKPH
655 7 _aslovenské poviedky
_2SNKPH
740 0 2 _aŤapákovci
740 0 2 _aMylná cesta
740 0 2 _aU Kanátov
740 0 2 _aPódi
800 0 _aTimrava,
_d1867-1951
_tSobrané spisy
910 _asnk
942 _2ddc
_cKLDO
_n0
949 _6273K0506534
_asvkpoA 21764/VIII
_bsvkpo51443
949 _617A0568264
_asnkSD 5750/8 D1
_bsnkF 6185/64
949 _617A0568315
_asnkSD 5750/8 D2
_bsnkK 313/69
949 _617A0909535
_asnkSD 5750/8
_bsnk5850/50
_osnkVIII. 1637/50 - druhé ev. číslo
_s6100:20181128
999 _c21170
_d21170